000 00704nam a2200289Ia 4500
005 20260324115954.0
008 008 260324s9999 xx 000 0 eng d
020 _a9781315752686
037 _aEBOOK
040 _aCRL
040 _beng
040 _cCRL
041 _2eng
041 _aeng
084 _qCRL
100 _aSvetlana Paichadze; Philip Seaton
_91156721
245 0 _aVoices from the Shifting Russo-Japanese Border
245 0 _bKarafuto / Sakhalin
260 _bTaylor and Francis
260 _c2015
365 _a
365 _b265
856 _uhttp://www.taylorfrancis.com/books/9781315752686
942 _cEBOOK
999 _c1747991
_d1747991